Chansons les plus streamées : Serge Gainsbourg - Statistiques

Statistiques générales
  • Ce quiz a été pris 131 fois
  • Le résultat moyen est 5 sur 10
Statistiques - réponses
Nb de streams Chanson % Correct
27 000 000 La javanaise
80%
59 000 000 Je t'aime moi non plus (avec Jane Birkin)
74%
38 500 000 Bonnie And Clyde (avec Brigitte Bardot)
58%
11 500 000 Initials B.B.
55%
28 000 000 Je suis venu te dire que je m'en vais
53%
22 000 000 Couleur café
44%
20 000 000 L'anamour
33%
20 500 000 La chanson de Prévert
32%
11 500 000 Ballade de Melody Nelson (avec Jane Birkin)
30%
10 500 000 Comme un boomerang
28%
Aucun quiz correspondant
Distribution des résultats
% des personnes avec chaque résultat
Percentile par nombre de réponses
Votre historique - résultats
Vous n’avez pas pris ce quiz